header

Star War (Record no. 263148)

MARC details
000 -LEADER
fixed length control field 00204nam a22000977a 4500
020 ## - INTERNATIONAL STANDARD BOOK NUMBER
ISBN 9780545873284
100 ## - MAIN ENTRY--AUTHOR NAME
Personal name Michael price
245 ## - TITLE STATEMENT
Title Star War
260 ## - PUBLICATION, DISTRIBUTION, ETC. (IMPRINT)
Place of publication New York
Name of publisher Scholastic
Year of publication 2016
942 ## - ADDED ENTRY ELEMENTS (KOHA)
Koha item type Long Loan Books
Holdings
Withdrawn status Lost status Collection code Home library Current library Shelving location Date acquired Accession Number Koha item type
    Fiction Rongo University Library Rongo University Library Children's Area 05/03/2024 CL20222017 Long Loan Books

© 2026 Rongo University
Contact us: librarian | system librarian | Rongo university